000 00367nam a2200157Ia 4500
008 230917s9999||||xx |||||||||||||| ||und||
040 _e49903
_aMAIN
041 _aEnglish
082 _a181.4 S69U
100 _aKumar, Shiv
245 0 _aUpamana in Indian philosophy
250 _a2nd ed.
260 _aDelhi
_bEastern
_c1994
300 _axv, 181 p.
942 _cBK
999 _c84395
_d84395